ბათუმის შოთა რუსთაველის სახელმწიფო უნივერსიტეტის ბიბლიოთეკა

A practical guide to action research and teacher enquiry : (ბიბ.ჩანაწერი № 58396)

000 -LEADER
fixed length control field 01241cam a2200265 i 4500
001 - CONTROL NUMBER
control field 20841703
005 - DATE AND TIME OF LATEST TRANSACTION
control field 20220117114745.0
006 - FIXED-LENGTH DATA ELEMENTS--ADDITIONAL MATERIAL CHARACTERISTICS
fixed length control field m |o d |
007 - PHYSICAL DESCRIPTION FIXED FIELD--GENERAL INFORMATION
fixed length control field cr_|||||||||||
008 - FIXED-LENGTH DATA ELEMENTS--GENERAL INFORMATION
fixed length control field 190206t20202020enk ob 001 0 eng
020 ## - INTERNATIONAL STANDARD BOOK NUMBER
Canceled/invalid ISBN 9781138495180
041 ## - LANGUAGE CODE
Language code of text/sound track or separate title eng
080 ## - UNIVERSAL DECIMAL CLASSIFICATION NUMBER
Universal Decimal Classification number 37 I-67
100 1# - MAIN ENTRY--PERSONAL NAME
Personal name Ince, Amanda
9 (RLIN) 13389
245 12 - TITLE STATEMENT
Title A practical guide to action research and teacher enquiry :
Remainder of title making a difference in the early years /
Statement of responsibility, etc. Amanda Ince and Eleanor Kitto.
264 #4 - PRODUCTION, PUBLICATION, DISTRIBUTION, MANUFACTURE, AND COPYRIGHT NOTICE
Date of production, publication, distribution, manufacture, or copyright notice London :
Place of production, publication, distribution, manufacture Routledge, Taylor & Francis Group,
Name of producer, publisher, distributor, manufacturer 2020.
300 ## - PHYSICAL DESCRIPTION
Extent 97 p.
Other physical details ill.,
Dimensions 25 cm.
653 ## - INDEX TERM--UNCONTROLLED
keyword სამოქმედო კვლევა განათლებაში
653 ## - INDEX TERM--UNCONTROLLED
keyword Исследования действий в образовании
653 ## - INDEX TERM--UNCONTROLLED
keyword სამოქმედო კვლევისა და მასწავლებლის გამოკითხვის პრაქტიკული გზამკვლევი
653 ## - INDEX TERM--UNCONTROLLED
keyword Практическое руководство по исследованию действий и опросу учителей
653 ## - INDEX TERM--UNCONTROLLED
keyword განათლება
700 1# - ADDED ENTRY--PERSONAL NAME
Personal name Kitto, Eleanor,
Relator term ავტორი
9 (RLIN) 13390
942 ## - ADDED ENTRY ELEMENTS (KOHA)
Source of classification or shelving scheme
Koha item type წიგნი
ეგზემპლარები
Withdrawn status Lost status Source of classification or shelving scheme Damaged status Not for loan Permanent Location Current Location Shelving location Date acquired Cost, normal purchase price Full call number Barcode Date last seen Copy number Price effective from Koha item type Public note
          ბათუმის შოთა რუსთაველის სახელმწიფო უნივერსიტეტის მთავარი ბიბლიოთეკა ბათუმის შოთა რუსთაველის სახელმწიფო უნივერსიტეტის მთავარი ბიბლიოთეკა წიგნსაცავი 2022-01-17 55.00 37 I-67 62125 2022-01-17 61125 2022-01-17 წიგნი 55 ლ.